000
00314nam a22001217a 4500
020
_a
07-015477-5
082
_a
620.0045 HAN'D
100
_a
DAVIDSON, A
_9
78962
245
_a
HANDBOOK OF PRECISION ENGINEERING VOL-8 SURFACE TREATMENT
260
_a
NEWYORK
_b
MCGRAW HILL
_c
1972
300
_a
VIII, 271P
942
_c
BK
999
_c
584033
_d
584033